000 00386cam a2200157ua 4500
041 _amal
_h
082 _a181.12
_bKON/VI
100 _aKonko, Yoshida .
245 _aVisrama vibhavam /
_cYoshida konko.
_hTextual Documents
250 _a1 /
_b.
260 _aThrissur :
_bKerala Sahitya Academy ,
_c1958.
300 _a104 ; .
504 _a
942 _cBK
999 _c11519
_d11519